000 01285nam a22003137a 4500
001 0063078
003 KOHA_MİRAKIL
005 20260207004431.0
007
008 181106b2018 tu |||gr||||#||||0|tur |
020 _a9786052268421
_cxxxxx
040 _aTR-BiSEU
_btur
_cTR-BiSEU
_erda
041 0 _atur
044 _ctu
050 _aRT49
_b.W55 2018
100 1 _aWilkinson, Judith M..
245 1 _aPearson hemşirelik tanıları el kitabı: NANDA-I tanılar, NIC girişimleri, NOC çıktıları/
_cJudith M. Wilkinson ; Judith M. Wilkinson, Laure Barcus; çeviri editörü Sevgisun Kapucu; İmatullah Akyar; Fatoş Korkmaz.
264 1 _aAnkara :
_bPelikan Yayınevi
_c2018
300 _a1113 sayfa; 24 cm.
336 _ametin
_btxt
_2rdacontent
337 _aaracısız
_bn
_2rdamedia
338 _acilt
_bnc
_2rdacarrier
500 _aÖzgün adı : Pearson nursing diagnosis handbook : NANDA-I diagnoses, NIC interventions, NOC outcomes
650 0 _aHemşirelik bakım planları--El kitapları, el kitapları vb.
_9117124
650 0 _aNursing care plans--Handbooks, manuals, etc.
_9117125
650 0 _aHemşirelik teşhisi - El kitapları, el kitapları vb.
_9117126
650 0 _aNursing diagnosis--Handbooks, manuals, etc.
_9117127
942 _2lcc
_cBK
999 _c62874
_d62874